| 000 | 00805nam a22002537a 4500 | ||
|---|---|---|---|
| 001 | 3921 | ||
| 003 | FISKH | ||
| 005 | 20250403161200.0 | ||
| 008 | 240523b cb ||||| |||| 00| 0 eng d | ||
| 040 |
_aFISK _beng _cFISK _dFISK |
||
| 050 | _aPZ7.R9553 | ||
| 082 | _a813 | ||
| 100 |
_aRyan Muñoz Pam _d1951- |
||
| 245 |
_aRiding freedom / _cPam Muñoz Ryan |
||
| 260 |
_aNew York : _bScholastic , _c2007 |
||
| 300 |
_a138 pages : _billustrations ; _c20 cm |
||
| 505 | _aM | ||
| 520 | _aA fictionalized account of Charley (Charlotte) Parkhurst who ran away from an orphanage, posed as a boy, moved to California, and fooled everyone by her appearance. | ||
| 521 | 8 |
_a720
_bLexile |
|
| 521 | 8 |
_aM
_bRaz-Plus |
|
| 700 | _aPam Muñoz Ryan | ||
| 942 |
_2ddc _cBK _n0 |
||
| 999 |
_c3921 _d3921 |
||